000 00707nam a2200217 ar4500
001 2941
005 20221127090632.0
008 121020s xxu a 00110|eng d
020 _a9780132078450(pbk) :
_cSR251.00
082 0 4 _a511.1
_bK834 2009
100 1 _aKolman, Bernard.
245 1 0 _aDiscrete mathematical structures /
_cB. Kolman, Robert Busby, Sharon Ross.
250 _a6th ed.
260 _aUpper Saddle River, NJ :
_bPearson/Prentice Hall,
_c2009.
300 _axv, 522, [12] p. :
_bill. ;
_c26 cm.
500 _aIncludes index.
650 4 _aComputer science
_xMathematics.
650 4 _aMathematics.
700 0 _aBusby, Robert C.,
_ejt. author.
700 0 _aRoss, Sharon Cutler,
_ejt. author.
999 _c2939
_d2939